000 00825nam a2200301 a 4500
003 AR-BaBNM
005 20251128210343.0
008 082120s2002 ||||||||||||||000 | spa||
020 _a84-7506-379-9
040 _cAR-BaBNM
100 1 _aGracián, Baltasar
245 0 0 _aObras completas de Baltasar Gracián
_bEl criticón
_n1 ;
260 _aMadrid
_bTurner Libros
_c1993
300 _axxiii, 673 p.
490 0 _aBiblioteca Castro
_vv. 35
650 4 _aLITERATURA ESPAÑOLA
650 4 _aRENACIMIENTO
650 4 _aFILOSOFIA POLITICA
650 4 _aETICA
650 4 _aFILOSOFIA LITERARIA
653 _aSIGLO DE ORO ESPAÑOL
653 _aFILOSOFIA MORAL
655 _aLITERATURA
700 1 _aBlanco, Emilio
_eprologuista
800 1 _aArroyo Stephens, Manuel
_eeditor
942 _cBK
998 _cMARTIN
999 _c15103
_d15103